भुवनविक्रम / (Record no. 116619)

MARC details
000 -LEADER
fixed length control field 01098nam a22002777a 4500
003 - CONTROL NUMBER IDENTIFIER
control field dpl
005 - DATE AND TIME OF LATEST TRANSACTION
control field 20180713151405.0
008 - FIXED-LENGTH DATA ELEMENTS--GENERAL INFORMATION
fixed length control field 180713b xxu||||| |||| 00| 0 eng d
010 ## - LIBRARY OF CONGRESS CONTROL NUMBER
LC control number A-774126
020 ## - INTERNATIONAL STANDARD BOOK NUMBER
Terms of availability 200.00
International Standard Book Number 817315158
035 ## - SYSTEM CONTROL NUMBER
System control number A-774126, A-774156
037 ## - SOURCE OF ACQUISITION
Source of stock number/acquisition Cen Lib/Ret
040 ## - CATALOGING SOURCE
Original cataloging agency DPL
Language of cataloging HN
Transcribing agency 0
082 ## - DEWEY DECIMAL CLASSIFICATION NUMBER
Classification number
Item number वर्मावृं
100 ## - MAIN ENTRY--PERSONAL NAME
Personal name वर्मा, वृंदावनलाल
9 (RLIN) 9690
245 ## - TITLE STATEMENT
Title भुवनविक्रम /
Statement of responsibility, etc वृंदावनलाल वर्मा
246 ## - VARYING FORM OF TITLE
Title proper/short title Bhuvanvikram /
Remainder of title by Vrindavanlal Verma
260 ## - PUBLICATION, DISTRIBUTION, ETC. (IMPRINT)
Place of publication, distribution, etc नई दिल्ली
Name of publisher, distributor, etc प्रभात प्रकाशन
Date of publication, distribution, etc 1996
270 ## - ADDRESS
Address 4/19, आसफ अली रोड
City नई दिल्ली
Postal code 110002
300 ## - PHYSICAL DESCRIPTION
Extent 254पृ.
Dimensions 20सेमी(सजिल्द )
650 ## - SUBJECT ADDED ENTRY--TOPICAL TERM
Topical term or geographic name as entry element हिंदी साहित्य
General subdivision
Geographic subdivision
9 (RLIN) 67430
650 ## - SUBJECT ADDED ENTRY--TOPICAL TERM
Topical term or geographic name as entry element हिंदी -- उपन्यास
9 (RLIN) 67431
650 ## - SUBJECT ADDED ENTRY--TOPICAL TERM
Topical term or geographic name as entry element Hindi literature
Form subdivision
9 (RLIN) 67432
650 ## - SUBJECT ADDED ENTRY--TOPICAL TERM
Topical term or geographic name as entry element Hindi -- Fiction
9 (RLIN) 27248
942 ## - ADDED ENTRY ELEMENTS (KOHA)
Source of classification or shelving scheme Dewey Decimal Classification
Koha item type Hindi Books
Classification part
Call number suffix वर्मावृं
Holdings
Withdrawn status Lost status Damaged status Not for loan Home library Current library Date acquired Source of acquisition Cost, normal purchase price Total Checkouts Full call number Barcode Date last seen Copy number Cost, replacement price Price effective from Koha item type Public note Source of classification or shelving scheme Total Renewals Date checked out Collection code
Written off       Central Library Central Library 25/08/2015 Cen Lib/Ret 200.00   उ वर्मावृं A-774126 25/08/2015 1 200.00 25/08/2015 Hindi Books Written off on approval by DLB (By Circulation); dtd 15-06-2023        
        Central Library Central Library 26/10/2016 Cen Lib/Ret 200.00 2 उ वर्मावृं A-774133 13/11/2023 2 200.00 26/10/2016 Hindi Books   Dewey Decimal Classification 2 06/10/2023  
        Shahdara Branch Shahdara Branch 13/07/2018 BPPD/PUB 200.00 1 उ वर्मावृं A-774156 06/07/2024   200.00 13/07/2018 Hindi Books   Dewey Decimal Classification 1 15/06/2024 Fiction

© Delhi Public Library
Hit Counter
free hit counter